[Event "Bodensee op Seniors 6th"]
[Site "Bregenz"]
[Date "2022.05.26"]
[Round "5"]
[White "Schmid, Wolfgang"]
[Black "Vilerte, Tamara"]
[Result "1-0"]
[WhiteElo "2148"]
[BlackElo "1975"]
[PlyCount "59"]
[EventDate "2022.05.22"]
[EventType "swiss"]
[EventRounds "7"]
[EventCountry "AUT"]
[SourceTitle "CBM 208 Extra"]
[Source "ChessBase"]
[SourceDate "2022.07.31"]
[SourceVersion "1"]
[SourceVersionDate "2022.07.31"]
[SourceQuality "1"]

1. e4 c5 2. Nf3 d6 3. d4 cxd4 4. Qxd4 a6 5. c4 Nc6 6. Qd2 Nf6 7. Nc3 g6 8. Be2 Bg7 9. 0-0 0-0 10. h3 Rb8 11. Bd3 Bd7 12. Re1 Qc8 13. Bf1 Re8 14. b3 Ne5 15. Nxe5 dxe5 16. Bb2 Nh5 17. Nd5 Be6 18. Qb4 Bxd5 19. cxd5 Qd7 20. Qb6 Rec8 21. Rac1 Bf6 22. Rc4 Rxc4 23. bxc4 Rc8 24. Bc3 Nf4 25. Rb1 e6 26. g3 Nxd5 27. exd5 Bd8 28. dxe6 fxe6 29. Qxb7 Rc7 30. Qe4 1-0

[Event "Arber op 8th"]
[Site "Bodenmais"]
[Date "2019.07.29"]
[Round "3"]
[White "Krauss, Andreas"]
[Black "Schmid, Wolfgang"]
[Result "1/2-1/2"]
[WhiteElo "1996"]
[BlackElo "2162"]
[PlyCount "38"]
[EventDate "2019.07.27"]
[EventType "swiss"]
[EventRounds "9"]
[EventCountry "GER"]
[SourceTitle "CBM 191 Extra"]
[Source "ChessBase"]
[SourceDate "2019.09.30"]
[SourceVersion "1"]
[SourceVersionDate "2019.09.30"]
[SourceQuality "1"]

1. e4 d5 2. exd5 Qxd5 3. Nf3 Nf6 4. d4 c6 5. Be2 Bg4 6. h3 Bh5 7. 0-0 e6 8. Be3 Be7 9. c4 Qd8 10. Qb3 Qc7 11. Nc3 Nbd7 12. Rac1 0-0 13. Rfd1 Rfe8 14. Rd2 Bg6 15. Qd1 Bb4 16. Bd3 Qa5 17. a3 Bxc3 18. Rxc3 Ne4 19. Bb1 Qe5 1/2-1/2

[Event "Menton op 17th"]
[Site "Menton"]
[Date "2018.10.24"]
[Round "5"]
[White "Schmid, Wolfgang"]
[Black "Degraeve, Remy"]
[Result "1/2-1/2"]
[WhiteElo "2177"]
[BlackElo "2364"]
[PlyCount "103"]
[EventDate "2018.10.21"]
[EventType "swiss"]
[EventRounds "9"]
[EventCountry "FRA"]
[SourceTitle "CBM 187 Extra"]
[Source "ChessBase"]
[SourceDate "2018.11.04"]
[SourceVersion "1"]
[SourceVersionDate "2018.11.04"]
[SourceQuality "1"]

1. e4 e5 2. Nf3 Nc6 3. d4 exd4 4. Nxd4 Nf6 5. Nc3 Bb4 6. Nxc6 bxc6 7. Bd3 d5 8. exd5 0-0 9. 0-0 cxd5 10. Bg5 c6 11. Qf3 h6 12. Bxf6 Qxf6 13. Qxf6 gxf6 14. a3 Bd6 15. Rab1 Be6 16. f4 Rfe8 17. b4 Bd7 18. Na4 Reb8 19. Nc5 Bc8 20. g3 a5 21. Kg2 axb4 22. axb4 Ra3 23. Kf3 Bf5 24. Ke2 Bxc5 25. bxc5 Bxd3+ 26. cxd3 Re8+ 27. Kd2 Ra2+ 28. Kc3 Ra5 29. Kd4 Ra4+ 30. Kc3 d4+ 31. Kb3 Rea8 32. Rfc1 Ra3+ 33. Kc4 R8a4+ 34. Rb4 Rxb4+ 35. Kxb4 Rxd3 36. Ra1 Rd2 37. Ra6 Rxh2 38. Rxc6 Kg7 39. Rd6 Rb2+ 40. Kc4 Rc2+ 41. Kxd4 Kg6 42. Kd5 Kf5 43. c6 h5 44. Rd7 Rd2+ 45. Kc5 Rc2+ 46. Kd6 Rd2+ 47. Ke7 Rc2 48. c7 Kg4 49. Kxf6 Kxg3 50. Rxf7 Kxf4 51. Ke6+ Kg3 52. Kd6 1/2-1/2

[Event "Bodensee op Seniors 4th"]
[Site "Bregenz"]
[Date "2018.05.08"]
[Round "3"]
[White "Hanisch, Friedrich"]
[Black "Schmid, Wolfgang"]
[Result "1/2-1/2"]
[WhiteElo "2097"]
[BlackElo "2204"]
[PlyCount "31"]
[EventDate "2018.05.06"]
[EventType "swiss"]
[EventRounds "7"]
[EventCountry "AUT"]
[SourceTitle "CBM 184 Extra"]
[Source "ChessBase"]
[SourceDate "2018.06.28"]
[SourceVersion "1"]
[SourceVersionDate "2018.06.28"]
[SourceQuality "1"]

1. d4 Nf6 2. Nf3 d6 3. c4 g6 4. Nc3 Bg7 5. g3 0-0 6. Bg2 c6 7. 0-0 Nbd7 8. e4 e5 9. h3 a6 10. a4 exd4 11. Nxd4 Ne5 12. b3 c5 13. Nde2 Nc6 14. Ra2 Ne8 15. Bf4 g5 16. Be3 1/2-1/2

[Event "Bodensee op Seniors 4th"]
[Site "Bregenz"]
[Date "2018.05.06"]
[Round "1"]
[White "Peterlunger, Erich"]
[Black "Schmid, Wolfgang"]
[Result "1/2-1/2"]
[WhiteElo "1848"]
[BlackElo "2204"]
[PlyCount "54"]
[EventDate "2018.05.06"]
[EventType "swiss"]
[EventRounds "7"]
[EventCountry "AUT"]
[SourceTitle "CBM 184 Extra"]
[Source "ChessBase"]
[SourceDate "2018.06.28"]
[SourceVersion "1"]
[SourceVersionDate "2018.06.28"]
[SourceQuality "1"]

1. Nf3 d6 2. d4 Nf6 3. g3 g6 4. Bg2 Bg7 5. 0-0 c6 6. c4 0-0 7. Nc3 Nbd7 8. e4 Qc7 9. Be3 a6 10. Nd2 Rb8 11. Rc1 Re8 12. f4 Nf8 13. f5 e5 14. dxe5 dxe5 15. c5 Rd8 16. Qe2 Ne8 17. Nc4 Qe7 18. Rcd1 Rxd1 19. Qxd1 Nd7 20. b4 Nf8 21. Nd6 Nxd6 22. cxd6 Qd8 23. Na4 Nd7 24. Nc5 Bf8 25. fxg6 hxg6 26. Qf3 Qe8 27. Rd1 b6 1/2-1/2

[Event "GER-ch 2014-C email"]
[Site "GER email"]
[Date "2016.11.28"]
[Round "?"]
[White "Schmid, Wolfgang"]
[Black "Bergner, Martin"]
[Result "1/2-1/2"]
[WhiteElo "2235"]
[BlackElo "2179"]
[PlyCount "82"]
[EventDate "2016.??.??"]
[EventType "tourn (corr)"]
[EventRounds "12"]
[EventCountry "GER"]
[SourceTitle "Corr 2020"]
[Source "ChessBase"]
[SourceDate "2019.09.30"]
[SourceVersion "1"]
[SourceVersionDate "2019.09.30"]
[SourceQuality "1"]

1. e4 e5 2. Nf3 Nc6 3. Bb5 a6 4. Ba4 Bc5 5. c3 Nf6 6. d4 Ba7 7. 0-0 0-0 8. dxe5 Nxe4 9. Qd5 Nc5 10. Bc2 Ne7 11. Qd1 d6 12. Bg5 h6 13. Bh4 d5 14. Bxe7 Qxe7 15. b4 Ne4 16. Qxd5 Ng5 17. Nbd2 Rd8 18. Qc4 c5 19. h4 Be6 20. Qf4 Nxf3+ 21. Nxf3 cxb4 22. cxb4 Rac8 23. Qe4 g6 24. Bb3 Rc7 25. Rac1 Bxb3 26. Rxc7 Qxc7 27. axb3 Qb6 28. g3 Kf8 29. h5 g5 30. Kg2 Kg7 31. Qf5 Qe6 32. Qxe6 fxe6 33. Nh2 Rd4 34. b5 axb5 35. Rc1 Bb8 36. Rb1 Bxe5 37. Re1 Kf6 38. f4 Bb8 39. Ng4+ Ke7 40. Nxh6 Kf6 41. Ng4+ Kf5 1/2-1/2

[Event "GER-ch 2014-C email"]
[Site "GER email"]
[Date "2016.11.28"]
[Round "?"]
[White "Schmid, Wolfgang"]
[Black "Dannehr, Juergen"]
[Result "0-1"]
[WhiteElo "2235"]
[BlackElo "2297"]
[PlyCount "100"]
[EventDate "2016.??.??"]
[EventType "tourn (corr)"]
[EventRounds "12"]
[EventCountry "GER"]
[SourceTitle "Corr 2020"]
[Source "ChessBase"]
[SourceDate "2019.09.30"]
[SourceVersion "1"]
[SourceVersionDate "2019.09.30"]
[SourceQuality "1"]

1. e4 e6 2. d4 d5 3. Nc3 Nf6 4. Bg5 Bb4 5. e5 h6 6. exf6 hxg5 7. fxg7 Rg8 8. Nf3 Qf6 9. h4 gxh4 10. Qd3 Bd7 11. 0-0-0 Nc6 12. Ne2 Qxg7 13. Rxh4 0-0-0 14. Qh7 Qxh7 15. Rxh7 f6 16. g3 Rh8 17. Rxh8 Rxh8 18. a3 Bd6 19. Nf4 Ne7 20. Bg2 Bxf4+ 21. gxf4 Ng6 22. f5 Nf4 23. Bf1 exf5 24. Kd2 b6 25. Re1 Kd8 26. b3 a5 27. a4 c6 28. c3 Rh7 29. Be2 Ke7 30. Bd1+ Ne6 31. b4 Rh3 32. bxa5 bxa5 33. Be2 Kd6 34. Rg1 Nf4 35. Bd1 Be8 36. Ne1 Rh2 37. Rf1 Nh3 38. Nd3 Ng5 39. Bc2 Ne4+ 40. Ke3 Nxc3 41. Nc5 Bg6 42. Nb7+ Kd7 43. Nxa5 f4+ 44. Kd2 Bxc2 45. Kxc3 Bxa4 46. Nb7 Bb5 47. Re1 Rxf2 48. Nc5+ Kd8 49. Nb7+ Kc8 50. Re7 Be2 0-1

[Event "GER-ch44 V01 email"]
[Site "GER email"]
[Date "2013.07.28"]
[Round "?"]
[White "Gabel, Andreas"]
[Black "Schmid, Wolfgang"]
[Result "1/2-1/2"]
[WhiteElo "2093"]
[BlackElo "1952"]
[PlyCount "52"]
[EventDate "2012.??.??"]
[EventType "tourn (corr)"]
[EventRounds "10"]
[EventCountry "GER"]
[SourceTitle "Corr 2015"]
[Source "ChessBase"]
[SourceDate "2015.07.17"]
[SourceVersion "1"]
[SourceVersionDate "2015.07.17"]
[SourceQuality "1"]

1. d4 Nf6 2. c4 e6 3. Nc3 Bb4 4. e3 c5 5. Nge2 b6 6. a3 Ba5 7. Rb1 Na6 8. Bd2 0-0 9. d5 Bb7 10. Ng3 Bxc3 11. Bxc3 exd5 12. cxd5 Nxd5 13. Bxg7 Kxg7 14. Bxa6 Nxe3 15. fxe3 Bxa6 16. Qa4 Bb7 17. 0-0 Kh8 18. Rbd1 d5 19. Qf4 f6 20. Nf5 Qe8 21. Rf3 Qe6 22. b4 Qe5 23. Qxe5 fxe5 24. Nd6 Rxf3 25. gxf3 Rg8+ 26. Kf2 Ba8 1/2-1/2

[Event "Baden-Baden Grenke op 1st"]
[Site "Baden-Baden"]
[Date "2013.02.12"]
[Round "6"]
[White "Schmid, Wolfgang"]
[Black "Tereick, Benjamin"]
[Result "0-1"]
[WhiteElo "2209"]
[BlackElo "2382"]
[PlyCount "82"]
[EventDate "2013.02.07"]
[EventType "swiss"]
[EventRounds "9"]
[EventCountry "GER"]
[SourceTitle "CBM 152 Extra"]
[Source "ChessBase"]
[SourceDate "2013.02.25"]
[SourceVersion "1"]
[SourceVersionDate "2013.02.25"]
[SourceQuality "1"]

1. e4 c5 2. Nf3 g6 3. Nc3 Bg7 4. g3 Nc6 5. Bg2 d6 6. 0-0 e5 7. d3 Nge7 8. Be3 0-0 9. Qd2 f5 10. Bg5 f4 11. Nd5 h6 12. Bxe7 Nxe7 13. c4 g5 14. Ne1 Ng6 15. f3 h5 16. Kf2 g4 17. Ke2 Bh6 18. Kd1 Kh7 19. Qe2 Qg5 20. Kc2 Bd7 21. Rd1 Rf7 22. Qd2 fxg3 23. Qxg5 Bxg5 24. hxg3 Raf8 25. Rh1 Kh6 26. fxg4 Rf2+ 27. Kb3 Bxg4 28. Rb1 Bd2 29. Rg1 Be2 30. Nc3 Bf1 31. Bxf1 Rxf1 32. Nc2 Rxg1 33. Rxg1 Rf3 34. g4 Rxd3 35. gxh5 Nf4 36. a3 Bxc3 37. bxc3 Ne2 38. Rg2 Nxc3 39. Ne1 Rh3 40. Kc2 Nxe4 41. Rg4 Ng5 0-1

[Event "Baden-Baden Grenke op 1st"]
[Site "Baden-Baden"]
[Date "2013.02.10"]
[Round "4"]
[White "Naundorf, Maik"]
[Black "Schmid, Wolfgang"]
[Result "1/2-1/2"]
[WhiteElo "2129"]
[BlackElo "2209"]
[PlyCount "26"]
[EventDate "2013.02.07"]
[EventType "swiss"]
[EventRounds "9"]
[EventCountry "GER"]
[SourceTitle "CBM 152 Extra"]
[Source "ChessBase"]
[SourceDate "2013.02.25"]
[SourceVersion "1"]
[SourceVersionDate "2013.02.25"]
[SourceQuality "1"]

1. Nf3 Nc6 2. d4 d5 3. g3 Nf6 4. Bg2 Bf5 5. c4 e6 6. Nc3 Bb4 7. cxd5 Nxd5 8. Bd2 Nxc3 9. Bxc3 Bxc3+ 10. bxc3 Be4 11. 0-0 0-0 12. Nd2 Bxg2 13. Kxg2 b6 1/2-1/2

[Event "Baden-Baden Grenke op 1st"]
[Site "Baden-Baden"]
[Date "2013.02.09"]
[Round "3"]
[White "Schmid, Wolfgang"]
[Black "Bacrot, Etienne"]
[Result "0-1"]
[WhiteElo "2209"]
[BlackElo "2704"]
[PlyCount "66"]
[EventDate "2013.02.07"]
[EventType "swiss"]
[EventRounds "9"]
[EventCountry "GER"]
[SourceTitle "CBM 152 Extra"]
[Source "ChessBase"]
[SourceDate "2013.02.25"]
[SourceVersion "1"]
[SourceVersionDate "2013.02.25"]
[SourceQuality "1"]

1. e4 g6 2. d4 d6 3. Nc3 Bg7 4. Nf3 a6 5. a4 Nf6 6. Be2 0-0 7. 0-0 Bg4 8. h3 Bxf3 9. Bxf3 Nc6 10. Be3 Re8 11. Qd2 e5 12. d5 Nd4 13. Qd1 c6 14. g3 Rc8 15. Bg2 cxd5 16. exd5 Qb6 17. Rb1 Qb4 18. Re1 h6 19. Qd2 Nf5 20. g4 Nxe3 21. Qxe3 Rc4 22. Qd2 Rec8 23. Rec1 Qb6 24. Nd1 Rxa4 25. b3 Rf4 26. c4 h5 27. Qe3 Qd4 28. f3 Bh6 29. Qf2 Bg5 30. Nc3 Rxg4 31. Ne2 Be3 32. Nxd4 Bxf2+ 33. Kxf2 Rxd4 0-1

[Event "Baden-Baden Grenke op 1st"]
[Site "Baden-Baden"]
[Date "2013.02.08"]
[Round "2"]
[White "Sanikidze, Tornike"]
[Black "Schmid, Wolfgang"]
[Result "1/2-1/2"]
[WhiteElo "2553"]
[BlackElo "2209"]
[PlyCount "117"]
[EventDate "2013.02.07"]
[EventType "swiss"]
[EventRounds "9"]
[EventCountry "GER"]
[SourceTitle "CBM 152 Extra"]
[Source "ChessBase"]
[SourceDate "2013.02.25"]
[SourceVersion "1"]
[SourceVersionDate "2013.02.25"]
[SourceQuality "1"]

1. d4 Nf6 2. c4 d6 3. Nf3 g6 4. Nc3 Bg7 5. e4 0-0 6. Be2 c5 7. 0-0 cxd4 8. Nxd4 Nc6 9. Nc2 Bd7 10. Be3 Rc8 11. Rc1 a5 12. f3 Nb4 13. Nd4 Na6 14. a3 Ne8 15. Rb1 Nec7 16. b4 axb4 17. axb4 Ne6 18. f4 Nac7 19. f5 Nxd4 20. Bxd4 Ne8 21. g4 Bxd4+ 22. Qxd4 e5 23. Qe3 Qh4 24. Rf3 Qxg4+ 25. Kh1 Qh4 26. Nd5 Nc7 27. Nb6 Rcd8 28. Nxd7 Rxd7 29. Rbf1 f6 30. Rg3 Kg7 31. Bg4 Re7 32. fxg6 hxg6 33. Bf5 Rh8 34. Rxg6+ Kf8 35. Rg2 Ne8 36. c5 Rg7 37. Rfg1 Rg5 38. h3 Rxg2 39. Rxg2 Qh6 40. Qc3 Qf4 41. cxd6 Nxd6 42. Qc5 Qf1+ 43. Kh2 Qd3 44. Qb6 Qd4 45. Qd8+ Ne8 46. Bd7 Kf7 47. Rc2 Rxh3+ 48. Kxh3 Qd3+ 49. Kh4 Qxe4+ 50. Bg4 Qxc2 51. Bh5+ Kg7 52. Qe7+ Kh6 53. Qf8+ Ng7 54. Qxf6+ Kh7 55. Qxe5 Qf2+ 56. Kh3 Qf1+ 57. Kh2 Qf2+ 58. Kh3 Qf1+ 59. Kh2 1/2-1/2

[Event "Baden-Baden Grenke op 1st"]
[Site "Baden-Baden"]
[Date "2013.02.07"]
[Round "1"]
[White "Schmid, Wolfgang"]
[Black "Ehmann, Thilo"]
[Result "1-0"]
[WhiteElo "2209"]
[BlackElo "1861"]
[PlyCount "77"]
[EventDate "2013.02.07"]
[EventType "swiss"]
[EventRounds "9"]
[EventCountry "GER"]
[SourceTitle "CBM 152 Extra"]
[Source "ChessBase"]
[SourceDate "2013.02.25"]
[SourceVersion "1"]
[SourceVersionDate "2013.02.25"]
[SourceQuality "1"]

1. e4 e5 2. Nf3 Nc6 3. d4 exd4 4. Nxd4 Bc5 5. Nxc6 Qf6 6. Qf3 dxc6 7. Nd2 Be6 8. Bd3 0-0-0 9. Qxf6 Nxf6 10. 0-0 Rde8 11. h3 Nd7 12. Re1 Ne5 13. Be2 f5 14. Nf3 Bd7 15. Nxe5 Rxe5 16. Bd3 fxe4 17. Bc4 b5 18. Bf1 Rf8 19. Be3 Bxe3 20. Rxe3 Ref5 21. Re2 c5 22. Rae1 Bc6 23. Rd2 R5f6 24. g3 Re8 25. Bg2 Rfe6 26. Rde2 Bd5 27. h4 Kb7 28. Re3 Kc6 29. b3 c4 30. b4 Kd6 31. Ra3 Ra8 32. Ra6+ c6 33. a4 bxa4 34. Rxa4 Kc7 35. Re3 Kb6 36. Rea3 Kb7 37. Ra5 Re7 38. Bf1 a6 39. Rc5 1-0